[Event "33.Schlosspark-Open"]
[Site "Wiesbaden-Biebrich"]
[Date "2024.08.24"]
[Round "5.59"]
[White "Reink, Geerhard"]
[Black "Memic, Miodrag"]
[Result "1-0"]
[WhiteElo "1762"]
[BlackElo "2009"]
[Annotator "Schloessner,Henrik"]
[PlyCount "57"]
[EventDate "2024.08.22"]
[WhiteTeam "Fischer Z"]
[BlackTeam "SV Mainz-Mombach"]

1. Nf3 d5 2. g3 g6 3. Bg2 Bg7 4. c4 Nf6 5. cxd5 Nxd5 6. Nc3 c6 7. O-O O-O 8. a3 Re8 9. Qc2 e5 10. d3 Be6 11. Ng5 Nd7 12. Nxe6 fxe6 13. Ne4 N5f6 14. Nd6 Qc7 15. Nxe8 Rxe8 16. Bd2 Ng4 17. Bh3 Ngf6 18. Rac1 Nd5 19. b4 a6 20. Qb3 Qd6 21. Bg4 h5 22. Bf3 Nc7 23. Be4 Kh7 24. h3 Nf6 25. Bf3 Rd8 26. Be3 Nfd5 27. Bc5 Qd7 28. e4 Nf6 29. Be2 {Rest nicht nachvollziehbar. 1-0 (44)} 1-0

[Event "33.Schlosspark-Open"]
[Site "Wiesbaden-Biebrich"]
[Date "2024.08.24"]
[Round "5.60"]
[White "Frohneberg, Paul"]
[Black "Rutsatz, Mario"]
[Result "1-0"]
[WhiteElo "1705"]
[BlackElo "1957"]
[PlyCount "93"]
[EventDate "2024.08.22"]
[WhiteTeam "Kreuznacher SV 1921 e.V."]
[BlackTeam "SC 1961 König Nied"]

1. e4 e6 2. d4 d5 3. Nd2 Nc6 4. Ngf3 Nf6 5. e5 Nd7 6. Bd3 Nb4 7. Be2 c5 8. c3 Nc6 9. Bd3 cxd4 10. cxd4 Qb6 11. O-O Nxd4 12. Nxd4 Qxd4 13. Nf3 Qb6 14. a3 Nc5 15. Be3 Qxb2 16. Bd4 Qb3 17. Bc2 Qc4 18. Rc1 Bd7 19. Ng5 Qb5 20. Qf3 O-O-O 21. Bd3 Qa5 22. Nxf7 Be7 23. Nxh8 Rxh8 24. Qe3 b6 25. Bc3 Qxa3 26. Ra1 d4 27. Qxd4 Qb3 28. Be4 Nxe4 29. Qxe4 Qd5 30. Qxd5 exd5 31. Rxa7 Re8 32. Bd4 Bc5 33. Bxc5 bxc5 34. Ra5 Rxe5 35. Rxc5+ Kd8 36. f4 Rh5 37. f5 Rxf5 38. Rxf5 Bxf5 39. Rxd5+ Bd7 40. Kf2 Ke7 41. Kg3 Be6 42. Ra5 Kf6 43. Kf4 h6 44. h4 g6 45. g4 Kg7 46. Ra7+ Kf6 47. g5+ 1-0

[Event "33.Schlosspark-Open"]
[Site "Wiesbaden-Biebrich"]
[Date "2024.08.24"]
[Round "5.61"]
[White "Kail, Thomas"]
[Black "Bolduan, Michael"]
[Result "1/2-1/2"]
[WhiteElo "1679"]
[BlackElo "1845"]
[PlyCount "38"]
[EventDate "2024.08.22"]
[WhiteTeam "SK 1925 Großwallstadt"]
[BlackTeam "Sfr Stiller Zug Wiesbaden"]

1. d4 e6 2. Bf4 Nf6 3. Nf3 Be7 4. e3 b6 5. Bd3 Bb7 6. Nbd2 d5 7. c3 Nbd7 8. h3 c5 9. O-O O-O 10. Re1 Ne4 11. Ne5 Nxe5 12. Bxe5 Bf6 13. Bh2 Rc8 14. f3 Nxd2 15. Qxd2 Re8 16. Rac1 e5 17. Bxe5 Bxe5 18. dxe5 Rxe5 19. Qf2 g6 1/2-1/2

[Event "33.Schlosspark-Open"]
[Site "Wiesbaden-Biebrich"]
[Date "2024.08.24"]
[Round "5.62"]
[White "Schmidt, Jörg"]
[Black "Cimicky, Václav"]
[Result "1-0"]
[WhiteElo "1823"]
[BlackElo "1699"]
[PlyCount "81"]
[EventDate "2024.08.22"]
[WhiteTeam "SK Niederbrechen 1948"]
[BlackTeam "Sfr Stiller Zug Wiesbaden"]

1. Nf3 Nc6 2. d4 d5 3. e3 Nf6 4. c3 Bg4 5. Nbd2 e5 6. Qb3 Na5 7. Qb5+ c6 8. Qa4 b5 9. Qc2 e4 10. Ne5 Bd7 11. Be2 Qc7 12. f3 Bf5 13. g4 exf3 14. Qxf5 fxe2 15. Ndf3 Qc8 16. Kxe2 Qxf5 17. gxf5 Nd7 18. b4 Nxe5 19. Nxe5 f6 20. Nd3 Nb7 21. Bd2 Nd6 22. Rhf1 Ne4 23. a4 Bd6 24. Rh1 bxa4 25. Rxa4 g6 26. Ra6 Kd7 27. Rha1 Bxh2 28. Rxa7+ Rxa7 29. Rxa7+ Bc7 30. b5 cxb5 31. Nb4 h5 32. Nxd5 Rc8 33. fxg6 Ng3+ 34. Kf3 Nf5 35. Nxf6+ Ke7 36. Nd5+ Kd6 37. e4 Nh4+ 38. Kf2 Nxg6 39. Ra6+ Kd7 40. Rxg6 h4 41. Rg7+ 1-0

[Event "33.Schlosspark-Open"]
[Site "Wiesbaden-Biebrich"]
[Date "2024.08.24"]
[Round "5.63"]
[White "Gärtner, David"]
[Black "Cichon, Jörg"]
[Result "1-0"]
[WhiteElo "1661"]
[BlackElo "1818"]
[PlyCount "129"]
[EventDate "2024.08.22"]
[WhiteTeam "Sfr.Mainz 1928"]
[BlackTeam "Sfr.Mainz 1928"]

1. c4 Nf6 2. g3 Nc6 3. Bg2 g6 4. Nc3 Bg7 5. e4 e5 6. Nge2 d6 7. O-O O-O 8. d3 Be6 9. f4 exf4 10. Nxf4 a6 11. Nfd5 Nd7 12. Be3 Nce5 13. Qd2 c6 14. Nf4 Ng4 15. Nxe6 fxe6 16. Bh3 Ndf6 17. Qe2 h5 18. Bg5 Qd7 19. d4 Nh7 20. Be3 Nxe3 21. Qxe3 Qe7 22. Rad1 Rxf1+ 23. Rxf1 Ng5 24. Bg2 Rf8 25. Rxf8+ Bxf8 26. e5 dxe5 27. Qxe5 Bg7 28. Qe3 Nf7 29. Ne2 Bh6 30. Qe4 Kg7 31. Nf4 Bxf4 32. Qxf4 Qf6 33. Qxf6+ Kxf6 34. Kf2 Nd8 35. Ke3 g5 36. a4 b6 37. Bf3 h4 38. gxh4 gxh4 39. Kf4 c5 40. d5 e5+ 41. Kg4 a5 42. Be4 Nf7 43. Kxh4 Ng5 44. Bg2 e4 45. Kg4 e3 46. Bf3 Ne4 47. Kf4 Nd6 48. Be2 Nf5 49. Bd3 Nd6 50. Kxe3 Kg5 51. Kf3 Nf7 52. h4+ Kf6 53. Kf4 Ne5 54. Be2 Ng6+ 55. Ke4 Nxh4 56. Bg4 Ke7 57. Bf5 Kd6 58. Kf4 Ng2+ 59. Kg3 Ne3 60. Bd3 Nd1 61. b3 Ke5 62. Kf3 Nb2 63. Bc2 Kd6 64. Ke4 Kd7 65. Ke5 1-0

[Event "33.Schlosspark-Open"]
[Site "Wiesbaden-Biebrich"]
[Date "2024.08.24"]
[Round "5.64"]
[White "Brauch, Manfred"]
[Black "Bährle, Julius"]
[Result "1/2-1/2"]
[WhiteElo "1816"]
[BlackElo "1603"]
[PlyCount "33"]
[EventDate "2024.08.22"]
[WhiteTeam "SG Pieroth/Burg Layen"]
[BlackTeam "Sfr Stiller Zug Wiesbaden"]

1. d4 Nf6 2. Nf3 d5 3. e3 Bf5 4. Nbd2 g6 5. c4 e6 6. Qb3 b6 7. Ne5 Bg7 8. Be2 O-O 9. g4 Be4 10. f3 dxc4 11. Ndxc4 Bd5 12. Qc3 Nbd7 13. Nxd7 Qxd7 14. Ne5 Qd6 15. O-O Nd7 16. Nc4 Bxc4 17. Qxc4 1/2-1/2

[Event "33.Schlosspark-Open"]
[Site "Wiesbaden-Biebrich"]
[Date "2024.08.24"]
[Round "5.65"]
[White "Leichum, Engelbert"]
[Black "Mönch, Dorothée"]
[Result "0-1"]
[WhiteElo "1668"]
[BlackElo "1789"]
[PlyCount "66"]
[EventDate "2024.08.22"]
[WhiteTeam "Frankfurt"]
[BlackTeam "Sfr.Mainz 1928"]

1. e4 d6 2. d4 g6 3. Nf3 Bg7 4. Bf4 Nf6 5. Nc3 O-O 6. Qd2 Bg4 7. Bh6 Bxf3 8. gxf3 Nc6 9. Bxg7 Kxg7 10. h4 Nh5 11. Bh3 e5 12. d5 Nd4 13. Bg4 Nf4 14. O-O-O h5 15. Bh3 Nxf3 16. Qe3 Nxh3 17. Qxf3 Nf4 18. Ne2 Nxe2+ 19. Qxe2 Qf6 20. Rdg1 Qf4+ 21. Kb1 Kh7 22. Rg3 f5 23. exf5 Qxf5 24. Rg2 Qf3 25. Qf1 Qxd5 26. Rhg1 Rf6 27. Qe2 e4 28. Rg5 Qe6 29. f4 exf3 30. Qd3 f2 31. Rxh5+ Kg7 32. Rxg6+ Rxg6 33. Qd4+ Qe5 0-1

[Event "33.Schlosspark-Open"]
[Site "Wiesbaden-Biebrich"]
[Date "2024.08.24"]
[Round "5.66"]
[White "Denninger, David"]
[Black "Milman, Sophie"]
[Result "1-0"]
[WhiteElo "1787"]
[BlackElo "1574"]
[PlyCount "133"]
[EventDate "2024.08.22"]
[WhiteTeam "SC JÄKLECHEMIE Talente Franken e"]
[BlackTeam "VSG 1880 Offenbach"]

1. d4 Nf6 2. Bf4 g6 3. c3 Bg7 4. Nd2 d6 5. Ngf3 O-O 6. e4 c5 7. Bc4 cxd4 8. cxd4 d5 9. exd5 Nxd5 10. Be5 Nb6 11. Bb3 Nc6 12. Bxg7 Kxg7 13. Qe2 Kg8 14. O-O Bf5 15. Qe3 e6 16. a3 Qf6 17. h3 Na5 18. Ba2 Nd5 19. Bxd5 exd5 20. Qf4 Qe7 21. Rfe1 Qd7 22. Rac1 Rac8 23. Ne5 Qd6 24. Nd3 Qxf4 25. Nxf4 Nc6 26. Nxd5 Rcd8 27. Ne7+ Nxe7 28. Rxe7 Rxd4 29. Nf3 Rd7 30. Rxd7 Bxd7 31. Rc7 Bc6 32. Ne5 Kg7 33. Nxc6 bxc6 34. Rxc6 Rb8 35. b4 Kf8 36. Rc7 Ra8 37. Kh2 h5 38. Kg3 Ke8 39. Kf4 a6 40. Rc5 f6 41. Ra5 Kd7 42. b5 Kc7 43. Rxa6 Rxa6 44. bxa6 Kb6 45. Ke4 Kxa6 46. Kd5 Ka5 47. Ke6 g5 48. Kxf6 g4 49. hxg4 hxg4 50. Kf5 Ka4 51. Kxg4 Kxa3 52. Kf5 Kb4 53. Ke6 Kc5 54. f4 Kd4 55. f5 Ke4 56. f6 Kf4 57. f7 Kg3 58. f8=R Kxg2 59. Rf4 Kg3 60. Ke5 Kg2 61. Ke4 Kg3 62. Ke3 Kg2 63. Rf3 Kg1 64. Rf2 Kh1 65. Kf3 Kg1 66. Kg3 Kh1 67. Rf1# 1-0

[Event "33.Schlosspark-Open"]
[Site "Wiesbaden-Biebrich"]
[Date "2024.08.24"]
[Round "5.67"]
[White "Will, Elina"]
[Black "Stehning, Michel"]
[Result "1/2-1/2"]
[WhiteElo "1596"]
[BlackElo "1778"]
[PlyCount "98"]
[EventDate "2024.08.22"]
[WhiteTeam "TuS Makkabi Wiesbaden"]
[BlackTeam "SF Braunfels"]

1. d4 d5 2. Bf4 Nf6 3. Nf3 Bf5 4. Nbd2 e6 5. c3 c5 6. g3 Nc6 7. Ne5 Nxe5 8. Bxe5 Be7 9. Bg2 Qb6 10. Qb3 O-O 11. O-O c4 12. Qxb6 axb6 13. Nf3 Nd7 14. Bf4 b5 15. Bd2 Ra6 16. a3 Nb6 17. Rad1 Bc2 18. Rc1 Bb3 19. Rce1 Na4 20. Bc1 Bc2 21. Nd2 Bf6 22. f4 Rfa8 23. e4 Nb6 24. e5 Be7 25. Nf3 Bd3 26. Rf2 h6 27. Re3 Nd7 28. Ne1 Bf5 29. Bf3 Bd8 30. Ng2 Bh7 31. Bd1 Bb6 32. Rd2 Nb8 33. Bc2 Bxc2 34. Rxc2 b4 35. axb4 Ra1 36. Kf2 Nc6 37. Re1 R1a2 38. Be3 Kf8 39. Ke2 Ke7 40. Kd2 Kd7 41. Rb1 Bd8 42. b3 b5 43. bxc4 Rxc2+ 44. Kxc2 Ra2+ 45. Rb2 Rxb2+ 46. Kxb2 bxc4 47. Ka3 Na7 48. Ka4 Kc6 49. Ne1 Nb5 1/2-1/2

[Event "33.Schlosspark-Open"]
[Site "Wiesbaden-Biebrich"]
[Date "2024.08.24"]
[Round "5.69"]
[White "Busch, Malte"]
[Black "Lüders, Eric"]
[Result "1-0"]
[WhiteElo "1875"]
[BlackElo "1707"]
[PlyCount "49"]
[EventDate "2024.08.22"]
[WhiteTeam "SC 1979 Hattersheim"]
[BlackTeam "SF Hünstetten"]

1. Nc3 d5 2. e4 c6 3. d4 dxe4 4. Nxe4 Nf6 5. Ng3 Bg4 6. f3 Bh5 7. Nxh5 Nxh5 8. f4 g6 9. Be2 Nf6 10. Nf3 Bg7 11. O-O O-O 12. f5 gxf5 13. Qe1 e6 14. Bg5 Qc7 15. Qh4 Nbd7 16. Bd3 Qb6 17. Rae1 Rae8 18. Kh1 Qxb2 19. Ne5 Nxe5 20. dxe5 Nd5 21. Rxf5 Qc3 22. Rf3 f5 23. exf6 h6 24. Bh7+ Kxh7 25. Rxc3 1-0

[Event "33.Schlosspark-Open"]
[Site "Wiesbaden-Biebrich"]
[Date "2024.08.24"]
[Round "5.70"]
[White "Launert, Martin"]
[Black "Guddat, Fabian"]
[Result "1-0"]
[WhiteElo "1874"]
[BlackElo "1698"]
[PlyCount "120"]
[EventDate "2024.08.22"]
[WhiteTeam "SF Eltville"]
[BlackTeam "Bochum"]

1. e4 Nf6 2. e5 Nd5 3. d4 d6 4. c4 Nb6 5. f4 dxe5 6. fxe5 Nc6 7. Be3 Bf5 8. Nc3 e6 9. Nf3 Bb4 10. Be2 O-O 11. O-O Ne7 12. Qb3 Bxc3 13. Qxc3 c6 14. Bg5 Nbc8 15. Rad1 Qb6 16. Kh1 h6 17. Bc1 Bh7 18. Bd3 Ng6 19. h4 Rd8 20. Qe1 Nce7 21. Qg3 Kh8 22. b3 Nf8 23. Bxh7 Nxh7 24. Qf2 Rf8 25. Ba3 Qc7 26. Rd3 Rad8 27. Bd6 Qd7 28. Bxe7 Qxe7 29. g3 a6 30. Kg2 Kg8 31. Qe3 Qa3 32. Rf2 Qe7 33. Rfd2 f6 34. exf6 Rxf6 35. d5 cxd5 36. cxd5 Nf8 37. d6 Qe8 38. Qb6 Nd7 39. Qb4 e5 40. Re3 Re6 41. Qxb7 e4 42. Ng1 Nc5 43. Qb6 Nd3 44. Rdxd3 Rb8 45. d7 Rexb6 46. dxe8=Q+ Rxe8 47. Rd4 Rc6 48. Rdxe4 Rd8 49. Re8+ Rxe8 50. Rxe8+ Kf7 51. Re2 Kf6 52. Nf3 g5 53. hxg5+ hxg5 54. Nd4 Rd6 55. Nc2 Kf5 56. Ne3+ Kf6 57. Nc4 Rc6 58. Kf3 Kf5 59. g4+ Kf6 60. Re5 Rc7 1-0

[Event "33.Schlosspark-Open"]
[Site "Wiesbaden-Biebrich"]
[Date "2024.08.24"]
[Round "5.71"]
[White "Wöhl, Torsten"]
[Black "Schellen, Sven"]
[Result "0-1"]
[WhiteElo "1657"]
[BlackElo "1873"]
[PlyCount "70"]
[EventDate "2024.08.22"]
[WhiteTeam "SC Groß-Zimmern"]
[BlackTeam "SV Frankfurt Nord 1926"]

1. d4 d5 2. Bf4 Nf6 3. e3 g6 4. c4 c6 5. Nc3 Nh5 6. Be5 f6 7. Bxb8 Rxb8 8. cxd5 cxd5 9. Qb3 e6 10. Nf3 a6 11. Bd3 Bd6 12. g3 b5 13. e4 b4 14. Ne2 Bb7 15. e5 fxe5 16. dxe5 O-O 17. Ned4 Bc5 18. Be2 Qb6 19. O-O Bxd4 20. Nxd4 Qxd4 21. Rad1 Qxe5 22. Bg4 Ng7 23. Rfe1 Qf6 24. Qe3 Bc8 25. Qf4 Qxf4 26. gxf4 Rxf4 27. Be2 Bb7 28. Rc1 Rbf8 29. Rf1 e5 30. Rc7 Bc8 31. Re1 Rxf2 32. Rxc8 Rxc8 33. Kxf2 Rc2 34. Rb1 d4 35. Ke1 e4 0-1

[Event "33.Schlosspark-Open"]
[Site "Wiesbaden-Biebrich"]
[Date "2024.08.24"]
[Round "5.72"]
[White "Vick, Edward"]
[Black "Rabiya, Karim"]
[Result "0-1"]
[WhiteElo "1640"]
[BlackElo "1858"]
[PlyCount "42"]
[EventDate "2024.08.22"]
[WhiteTeam "TuS Makkabi Wiesbaden"]
[BlackTeam "SK Niederbrechen 1948"]

1. e4 d6 2. d4 Nf6 3. Nc3 Nbd7 4. Bc4 c6 5. Nf3 Nxe4 6. Nxe4 d5 7. Bxd5 cxd5 8. Nc3 Nf6 9. O-O Bg4 10. Qd3 e6 11. Qb5+ Qd7 12. Ne5 Qxb5 13. Nxb5 Rc8 14. Bg5 Be2 15. c4 Bxf1 16. Nxa7 Rxc4 17. Nxc4 Bxc4 18. Rc1 Kd7 19. b3 Ba3 20. Rc3 Ne4 21. Rc2 Bd3 0-1

[Event "33.Schlosspark-Open"]
[Site "Wiesbaden-Biebrich"]
[Date "2024.08.24"]
[Round "5.74"]
[White "Stojanoski, Stefan"]
[Black "Gärtner, Johannes"]
[Result "0-1"]
[WhiteElo "1587"]
[BlackElo "1798"]
[PlyCount "76"]
[EventDate "2024.08.22"]
[WhiteTeam "SAbt TuS Makkabi Ffm"]
[BlackTeam "Sfr.Mainz 1928"]

1. e4 e6 2. d4 d5 3. Nc3 Bb4 4. e5 c5 5. Bb5+ Bd7 6. Bxd7+ Qxd7 7. Nge2 Nc6 8. O-O cxd4 9. Nb5 a6 10. Nbxd4 Nxe5 11. c3 Bd6 12. f4 Nc6 13. Nxc6 Qxc6 14. Nd4 Qc7 15. Kh1 Ne7 16. Qc2 Bc5 17. Qd3 Bxd4 18. Qxd4 Nf5 19. Qa4+ Qc6 20. Qxc6+ bxc6 21. b3 c5 22. Ba3 Rc8 23. Rae1 Kd7 24. g4 Nd6 25. f5 Rhe8 26. fxe6+ Rxe6 27. Rxe6 fxe6 28. h4 Kc6 29. Bb2 e5 30. c4 d4 31. Re1 Re8 32. Bc1 e4 33. Bb2 e3 34. Bc1 Re4 35. Kh2 Rxg4 36. Kh3 Re4 37. a4 Nf5 38. h5 d3 0-1

[Event "33.Schlosspark-Open"]
[Site "Wiesbaden-Biebrich"]
[Date "2024.08.24"]
[Round "5.75"]
[White "Kupke, Jonas"]
[Black "Busch, Günther"]
[Result "1-0"]
[WhiteElo "1770"]
[BlackElo "1679"]
[PlyCount "56"]
[EventDate "2024.08.22"]
[WhiteTeam "Wiesbadener SV 1885"]
[BlackTeam "Sfr Stiller Zug Wiesbaden"]

1. e4 d6 2. d4 g6 3. Nc3 Bg7 4. Be3 a6 5. Qd2 b5 6. f3 e6 7. h4 h6 8. O-O-O Bb7 9. g4 Ne7 10. Nh3 Nd7 11. Bg2 Nb6 12. b3 Qd7 13. d5 e5 14. g5 h5 15. f4 exf4 16. Nxf4 Bc8 17. Bd4 O-O 18. Bf6 Kh7 19. Qd4 Rg8 20. Nce2 Qe8 21. Bf3 Nd7 22. Ng3 Ne5 23. Bxh5 Bg4 24. Bxg4 Nxg4 25. h5 Rh8 26. Bxg7 Ne5 27. Bxe5 dxe5 28. Qxe5 Kg8 1-0

[Event "33.Schlosspark-Open"]
[Site "Wiesbaden-Biebrich"]
[Date "2024.08.24"]
[Round "5.76"]
[White "Liu, Jonas"]
[Black "Eckert, Michael"]
[Result "1-0"]
[WhiteElo "1551"]
[BlackElo "1765"]
[PlyCount "113"]
[EventDate "2024.08.22"]
[WhiteTeam "SV Oberursel"]
[BlackTeam "SK Herborn 1946"]

1. e4 e5 2. Nf3 Nc6 3. Bc4 Bc5 4. c3 Nf6 5. d4 exd4 6. O-O Nxe4 7. cxd4 d5 8. dxc5 dxc4 9. Qe2 Qd3 10. Re1 f5 11. Nc3 O-O 12. Nxe4 fxe4 13. Qxe4 Bf5 14. Qh4 Rae8 15. Bf4 Qd5 16. Be3 Re4 17. Rad1 Qe6 18. Qg3 Qe7 19. h3 Nb4 20. Nd2 Re6 21. Nxc4 Nd3 22. Rf1 Nxc5 23. Bf4 Ne4 24. Qb3 Nc5 25. Qg3 Re4 26. Nd2 Re2 27. Bxc7 Qe6 28. Bf4 Qxa2 29. Be3 Bd3 30. Bxc5 Rd8 31. Qc7 Qd5 32. Nf3 Rc2 33. Ne1 Rxc5 34. Qg3 Qf5 35. Rxd3 Rxd3 36. Qxd3 Qf6 37. Qb3+ Qf7 38. Qxf7+ Kxf7 39. Nd3 Rd5 40. Rd1 Kf6 41. f3 Kf5 42. Kf2 h5 43. g4+ hxg4 44. hxg4+ Kf6 45. Ke3 g5 46. Nf2 Rb5 47. Ne4+ Ke6 48. Rd2 a5 49. Rd6+ Ke5 50. Rg6 Rb3+ 51. Nc3 Rxb2 52. Rxg5+ Kf6 53. Rxa5 Rb3 54. Kd4 Rb4+ 55. Kd5 Rb3 56. Rc5 Kg5 57. Kc4+ 1-0

[Event "33.Schlosspark-Open"]
[Site "Wiesbaden-Biebrich"]
[Date "2024.08.24"]
[Round "5.77"]
[White "Börsch, Dieter"]
[Black "Held, Gerd"]
[Result "1-0"]
[WhiteElo "1760"]
[BlackElo "1674"]
[PlyCount "53"]
[EventDate "2024.08.22"]
[WhiteTeam "SK Bad Homburg 1927"]
[BlackTeam "SC Groß-Zimmern"]

1. d4 g6 2. c4 Bg7 3. Nc3 c5 4. d5 Bxc3+ 5. bxc3 Nf6 6. Qd3 O-O 7. e4 d6 8. Be2 Nbd7 9. f4 h6 10. Nf3 Kg7 11. O-O b6 12. e5 dxe5 13. fxe5 Ng8 14. Bf4 e6 15. Rad1 g5 16. Bg3 Bb7 17. dxe6 Bxf3 18. Bxf3 Nxe5 19. Bxe5+ f6 20. Bxa8 Qxa8 21. Qd7+ Kg6 22. e7 Rf7 23. Qf5+ Kg7 24. Rd8 Nxe7 25. Bxf6+ Rxf6 26. Qxf6+ Kh7 27. Qf7# 1-0

[Event "33.Schlosspark-Open"]
[Site "Wiesbaden-Biebrich"]
[Date "2024.08.24"]
[Round "5.78"]
[White "Yozgyur, Ediz"]
[Black "Kaiser, Danny"]
[Result "1-0"]
[WhiteElo "1758"]
[BlackElo "1669"]
[PlyCount "115"]
[EventDate "2024.08.22"]
[WhiteTeam "Kreuznacher SV 1921 e.V."]
[BlackTeam "SC Bad Nauheim"]

1. e4 e5 2. Nf3 Nc6 3. Bc4 Nf6 4. d3 Be7 5. Nc3 O-O 6. Be3 d6 7. h3 Be6 8. Bb3 d5 9. exd5 Nxd5 10. Nxd5 Bxd5 11. O-O Re8 12. Bxd5 Qxd5 13. Re1 Rad8 14. Qd2 h6 15. Qe2 e4 16. dxe4 Qxe4 17. Rad1 Rxd1 18. Rxd1 Rd8 19. Rxd8+ Bxd8 20. Qb5 Qb4 21. Nd4 Qxb5 22. Nxb5 a6 23. Nd4 Nxd4 24. Bxd4 Bf6 25. Bxf6 gxf6 26. Kf1 Kf8 27. Ke2 Ke7 28. Kf3 f5 29. Ke3 Ke6 30. Kf4 Kf6 31. h4 c6 32. h5 b6 33. f3 Ke6 34. g4 fxg4 35. fxg4 Kf6 36. b4 c5 37. bxc5 bxc5 38. c4 a5 39. a4 Kg7 40. Ke5 Kf8 41. Kd5 Ke7 42. Kxc5 Kd7 43. Kd5 f6 44. Kc5 Kc7 45. Kb5 Kd6 46. Kb6 Kd7 47. c5 Kc8 48. Kc6 Kb8 49. Kd7 Kb7 50. c6+ Kb6 51. c7 f5 52. gxf5 Ka7 53. c8=Q Kb6 54. Qc6+ Ka7 55. Qb5 Ka8 56. Kc7 Ka7 57. Qb6+ Ka8 58. Qxa5# 1-0

[Event "33.Schlosspark-Open"]
[Site "Wiesbaden-Biebrich"]
[Date "2024.08.24"]
[Round "5.79"]
[White "Reiß, Peter"]
[Black "Wernicke, Dieter"]
[Result "1/2-1/2"]
[WhiteElo "1728"]
[BlackElo "1641"]
[PlyCount "81"]
[EventDate "2024.08.22"]
[WhiteTeam "SV Multatuli Ingelheim e.V."]
[BlackTeam "SV Mainspitze Ginsheim"]

1. d4 d5 2. c4 e6 3. Nc3 Nf6 4. Bg5 Be7 5. cxd5 exd5 6. e3 O-O 7. Bd3 Nbd7 8. Nge2 h6 9. Bf4 c6 10. O-O Re8 11. a3 Nf8 12. Qd2 Bg4 13. Bg3 Bxe2 14. Qxe2 Bd6 15. Bxd6 Qxd6 16. b4 Ne6 17. b5 Nxd4 18. Qb2 Ng4 19. g3 Nf3+ 20. Kg2 Nfe5 21. Be2 Rad8 22. Bxg4 Nxg4 23. bxc6 bxc6 24. Qb4 Nf6 25. Qxd6 Rxd6 26. Rab1 a6 27. Na4 Nd7 28. Rfc1 Rc8 29. Nc5 Nxc5 30. Rxc5 d4 31. exd4 Rxd4 32. Rb6 Ra4 33. Rcxc6 Rxc6 34. Rxc6 Rxa3 35. Rc8+ Kh7 36. Ra8 a5 37. Ra6 a4 38. h4 h5 39. Ra5 g6 40. Ra7 Kg7 41. Ra6 1/2-1/2

[Event "33.Schlosspark-Open"]
[Site "Wiesbaden-Biebrich"]
[Date "2024.08.24"]
[Round "5.81"]
[White "Strache, Rolf"]
[Black "Goodwin, David"]
[Result "1/2-1/2"]
[WhiteElo "1714"]
[BlackElo "1636"]
[PlyCount "48"]
[EventDate "2024.08.22"]
[WhiteTeam "SK Herborn 1946"]
[BlackTeam "SV 1920 Kelsterbach"]

1. d4 g6 2. c4 Bg7 3. Nf3 d6 4. e4 Nd7 5. Nc3 c5 6. d5 Ne5 7. h3 Bd7 8. Be2 Nh6 9. Nxe5 dxe5 10. Be3 Qc8 11. O-O f5 12. f4 fxe4 13. fxe5 Nf5 14. Bf4 O-O 15. Qd2 e3 16. Bxe3 Bxe5 17. Bf2 Nd4 18. Bxd4 Bxd4+ 19. Kh1 Bxh3 20. Rxf8+ Kxf8 21. Qf4+ Kg7 22. Rf1 Bf5 23. g4 e5 24. dxe6 Bxe6 1/2-1/2

[Event "33.Schlosspark-Open"]
[Site "Wiesbaden-Biebrich"]
[Date "2024.08.24"]
[Round "5.84"]
[White "Schmitz, Bernhard Hubert"]
[Black "Winter, Victor"]
[Result "0-1"]
[WhiteElo "1659"]
[BlackElo "1603"]
[PlyCount "56"]
[EventDate "2024.08.22"]
[WhiteTeam "Vorw.Orient Mainz"]
[BlackTeam "Rodgau"]

1. d4 d5 2. c4 e6 3. Nf3 Nf6 4. Nc3 Bd6 5. Bg5 O-O 6. cxd5 h6 7. Bxf6 Qxf6 8. dxe6 Bxe6 9. e4 Bb4 10. Be2 Qg6 11. Qd2 Qxg2 12. Rg1 Qh3 13. O-O-O Kh8 14. Rg3 Qh5 15. Ne5 Qh4 16. Rdg1 Rg8 17. d5 Qf6 18. f4 Bd7 19. Ng6+ fxg6 20. Rxg6 Bxc3 21. bxc3 Qe7 22. Kb2 Qxe4 23. R1g3 Bf5 24. Bd3 Qxd5 25. Qe2 Bxd3 26. Rxd3 Qb5+ 27. Kc2 Qf5 28. Qg2 Nc6 0-1

[Event "33.Schlosspark-Open"]
[Site "Wiesbaden-Biebrich"]
[Date "2024.08.24"]
[Round "5.85"]
[White "Felten, Pascal"]
[Black "Chen, Lilly"]
[Result "1-0"]
[WhiteElo "1649"]
[BlackElo "1603"]
[PlyCount "89"]
[EventDate "2024.08.22"]
[WhiteTeam "Bochum"]
[BlackTeam "Sfr Stiller Zug Wiesbaden"]

1. e4 c5 2. Nf3 a6 3. d4 cxd4 4. Nxd4 Nc6 5. Nxc6 bxc6 6. Be3 Nf6 7. Bd3 e5 8. O-O Be7 9. f4 exf4 10. Bxf4 Qb6+ 11. Kh1 Qxb2 12. Nd2 O-O 13. Qf3 d6 14. Nc4 Qd4 15. Be3 Qc3 16. Nb6 Rb8 17. Nxc8 Rbxc8 18. Bxa6 Ra8 19. Bd3 d5 20. exd5 Nxd5 21. Qh3 g6 22. Bh6 Rfe8 23. Qf3 f6 24. Qg4 f5 25. Bxf5 Bf6 26. Bd3 Qb4 27. Qxb4 Nxb4 28. Rxf6 Nxd3 29. cxd3 Rxa2 30. Raf1 Raa8 31. Rxc6 Ra7 32. Rcf6 Raa8 33. d4 Rab8 34. d5 Ra8 35. d6 Rab8 36. d7 Red8 37. Rf8+ Rxf8 38. Rxf8+ Rxf8 39. Bxf8 Kxf8 40. d8=Q+ Kg7 41. h4 Kh6 42. Qg5+ Kg7 43. h5 Kf7 44. Qh6 Kg8 45. Qg5 1-0